Library Banner

Convergence of energy, communication and computation in B5G cellular internet of things / (Record no. 124383)

MARC details
000 -LEADER
fixed length control field 00558nam a22001817a 4500
005 - DATE AND TIME OF LATEST TRANSACTION
control field 20211020103401.0
008 - FIXED-LENGTH DATA ELEMENTS--GENERAL INFORMATION
fixed length control field 211020b ||||| |||| 00| 0 eng d
020 ## - INTERNATIONAL STANDARD BOOK NUMBER
International Standard Book Number 9789811541391
040 ## - CATALOGING SOURCE
Transcribing agency PK-LaUMT
082 ## - DEWEY DECIMAL CLASSIFICATION NUMBER
Classification number 004.678
Item number CHE-C
100 ## - MAIN ENTRY--PERSONAL NAME
Personal name Chen, Xiaoming
245 ## - TITLE STATEMENT
Title Convergence of energy, communication and computation in B5G cellular internet of things /
Statement of responsibility, etc by Xiaoming Chen and Qiao Qi
260 ## - PUBLICATION, DISTRIBUTION, ETC. (IMPRINT)
Place of publication, distribution, etc Singapore :
Name of publisher, distributor, etc Springer,
Date of publication, distribution, etc 2020
300 ## - PHYSICAL DESCRIPTION
Extent 129 p.
650 ## - SUBJECT ADDED ENTRY--TOPICAL TERM
Topical term or geographic name as entry element Embedded computer systems
650 ## - SUBJECT ADDED ENTRY--TOPICAL TERM
Topical term or geographic name as entry element Computer engineering
942 ## - ADDED ENTRY ELEMENTS (KOHA)
Koha item type Books
Holdings
Withdrawn status Lost status Damaged status Home library Current library Date acquired Full call number Barcode Date last seen Price effective from Koha item type
      UMT Main Campus UMT Main Campus 2021-10-20 004.678 CHE-C 139003 2021-10-20 2021-10-20 Books